000 00698nam a2200217 a 4500
001 66584
003 BD-RjUL
005 20211209081546.0
008 190318s1961 enk 000 0 eng d
035 _a(BD-RjUL)66714
040 _aUKM
_cUKM
_dBD-RjUL
_beng
041 _aeng
082 _223
_a306.81
_bMCC
100 1 _aMcNamara, Clarice.
_9197090
245 1 0 _aCommon sense about marriage :
_ba practical guide for young people intending to get married and those already married /
_cby Clarice McNamara and Jean Newcomb
260 _aMacmillan & Co.:
_bLondon,
_cc1961.
300 _aviii, 125 p. ;
_c18 cm.
650 _aMarriage
_9197091
700 1 _aNewcomb, Jean.
_9197092
942 _2ddc
_cBK
999 _c66584
_d66584